Bài giảng lịch sử tư tưởng quản lý

Gorde:
Xehetasun bibliografikoak
Egile nagusia: Hoàng, Văn Luân
Formatua: Liburua
Argitaratua: Hà Nội Đại học quốc gia 2008
Gaiak:
Etiketak: Etiketa erantsi
Etiketarik gabe, Izan zaitez lehena erregistro honi etiketa jartzen!
Thư viện lưu trữ: Trung tâm Học liệu Lê Vũ Hùng, Trường Đại học Đồng Tháp
LEADER 00893pam a22002778a 4500
001 00037287
005 20171026081025.0
008 170511s2008 ||||||Viesd
041 0 # |a Vie 
082 1 4 |a 658  |b B103GI 
100 1 # |a Hoàng, Văn Luân 
245 1 0 |a Bài giảng lịch sử tư tưởng quản lý  |c Hoàng Văn Luân 
260 # # |a Hà Nội  |c 2008  |b Đại học quốc gia 
300 # # |a 185tr.  |c 27 cm. 
500 # # |a ĐTTS:Đại học quốc gia hà Nội. Trường Đại học KHXH và NV 
653 # # |a Quản lý 
653 # # |a lịch sử tư tưởng 
852 # # |b Kho mượn  |j KGT.0052843 
852 # # |b Kho đọc  |j KD.0021800 
852 # # |j KGT.0052843  |j KD.0021800 
910 |d 11/05/2017 
980 # # |a Trung tâm Học liệu Lê Vũ Hùng, Trường Đại học Đồng Tháp